00485nam a2200193 a 4500001001300000003000900013005001700022008004100039020000800080082002000088100001600108245003400124260004400158300000900202500003500211505001000246650001900256700001600275nice12345678IN_TiNIC20260116011320.0050524s1899 lona grp 000 0 eng  ac000a305.480297bBIR aBird, M R S aPersian Women and Their Creed aLondonbChurch Missionary Societyc1899 a104p aincludes index and biblioraphy2 aindex aWomen in Islam1 aBird, M R S